000 00921cam a2200217 4500
001 WB3733-23
008 010905n2001 000 0 eng u
035 _a(Sirsi) u114444
245 _aBids for £2m new marketing grants
260 _c2001
490 _aDEFRA News Release
_v(118/01) 31 August 2001 (2)
520 _aRound three of the Agriculture Development Scheme (ADS) offers grants totalling £2m to improve the marketing performance and competitiveness of sectors affected by foot and mouth. The deadline for applications is 31 October 2001. Guidance on the scheme rules and how to apply can be found on the DEFRA web site at http:www.defra.gov.uk/corporate/contacts/buslink/market.htm
590 _aWB
650 _aAGRICULTURE DEVELOPMENT SCHEME
650 _aGRANTS
650 _aCOMPETITIVENESS
650 _aMARKETING
650 _aFOOT-AND-MOUTH DISEASE
690 _aRural
_96268
942 _n0
999 _c68168
_d68168